Todos os Times que Jogaram o Brasileirão no Século XXI - Statistics

Estatísticas Gerais
  • Esse quiz foi jogado 67 vezes
  • A pontuação média é 44 de 47
Estatísticas das Respostas
Última participação Estado Nome do time % Correto
2026 RJ Botafogo
100%
2026 SP Corinthians
100%
2026 RJ Flamengo
100%
2026 RJ Fluminense
100%
2023 GO Goiás
100%
2026 SP Mirassol
100%
2026 SP Santos
100%
2026 SP São Paulo
100%
2026 RJ Vasco da Gama
100%
2023 MG América-MG
98%
2026 PR Athletico Paranaense
98%
2026 MG Atlético Mineiro
98%
2026 BA Bahia
98%
2025 CE Ceará
98%
2026 MG Cruzeiro
98%
2025 CE Fortaleza
98%
2026 RS Grêmio
98%
2026 RS Internacional
98%
2025 RS Juventude
98%
2026 SP Palmeiras
98%
2025 PE Sport
98%
2026 BA Vitória
98%
2024 GO Atlético Goianiense
96%
2026 SC Chapecoense
96%
2026 PR Coritiba
96%
2026 PA Remo
96%
2022 SC Avaí
95%
2024 SC Criciúma
95%
2024 MT Cuiabá
95%
2026 SP Red Bull Bragantino
95%
2016 PE Santa Cruz
95%
2005 DF Brasiliense
91%
2019 SC Figueirense
91%
2015 SC Joinville
91%
2013 PE Náutico
91%
2005 PA Paysandu
91%
2017 SP Ponte Preta
91%
2019 AL CSA
89%
2018 PR Paraná
89%
2010 SP Guarani
88%
2004 SP São Caetano
86%
2013 SP Portuguesa
84%
2009 SP Santo André
84%
2007 RN América-RN
82%
2003 DF Gama
82%
2009 SP Grêmio Barueri
79%
2008 MG Ipatinga
75%
Nenhum quiz correspondente encontrado
Distribuição das Pontuações
Porcentagem de Pessoas com Cada Pontuação
Percentil de Números Respondidos
Sua Pontuação Histórica
Você não jogou esse quiz